name the chocolate bar from the photo - Statistics

General Stats
  • This quiz has been taken 240 times
  • The average score is 8 of 12
Answer Stats
Picture Answer % Correct
snickers
97%
twix
96%
kitkat
95%
mars
85%
bueno
63%
aero
62%
dairy milk
55%
crunchie
53%
flake
53%
twirl
49%
daim
45%
double decker
34%
No matching quizzes found
Score Distribution
Percent of People with Each Score
Percentile by Number Answered
Your Score History
You have not taken this quiz